[Event "DSOL 03 Liga Gr-A 1st"]
[Site "Playchess.com INT"]
[Date "2020.07.17"]
[Round "4.4"]
[White "Schmidt, Sebastian"]
[Black "Thoene, Kay"]
[Result "1-0"]
[WhiteElo "1637"]
[BlackElo "1619"]
[PlyCount "25"]
[EventDate "2020.06.22"]
[EventType "team-tourn (rapid)"]
[EventCountry "GER"]
[SourceTitle "EXT 2021"]
[Source "ChessBase"]
[SourceDate "2020.10.23"]
[SourceVersion "1"]
[SourceVersionDate "2020.10.23"]
[SourceQuality "1"]
[WhiteTeam "Dresden Striesen"]
[BlackTeam "Barsinghausen"]
[WhiteTeamCountry "GER"]
[BlackTeamCountry "GER"]

1. e4 d6 2. d4 g6 3. Nf3 Bg4 4. Be2 Bg7 5. Nc3 Nc6 6. Be3 Nf6 7. 0-0 0-0 8. h3 Bxf3 9. Bxf3 e5 10. dxe5 Nxe5 11. Bg5 c6 12. Be2 Qd7 13. f4 1-0

[Event "Gelsenkirchen Koenigsspringer op"]
[Site "Gelsenkirchen"]
[Date "2019.12.27"]
[Round "1"]
[White "Schmidt, Sebastian"]
[Black "Jugelt, Tobias"]
[Result "0-1"]
[WhiteElo "1769"]
[BlackElo "2405"]
[PlyCount "44"]
[EventDate "2019.12.27"]
[EventType "swiss"]
[EventRounds "7"]
[EventCountry "GER"]
[SourceTitle "CBM 194 Extra"]
[Source "ChessBase"]
[SourceDate "2020.03.31"]
[SourceVersion "1"]
[SourceVersionDate "2020.03.31"]
[SourceQuality "1"]

1. e4 g6 2. d4 Bg7 3. Be3 c5 4. Nf3 Nf6 5. Nc3 Qa5 6. Qd2 Nc6 7. h3 cxd4 8. Nxd4 Nxe4 9. Nxc6 Qxc3 10. bxc3 Nxd2 11. Bd4 Bxd4 12. Nxd4 Ne4 13. Nb5 Kd8 14. Bd3 Nc5 15. Kd2 d6 16. Rhe1 Bd7 17. Nd4 e5 18. Nb3 Rc8 19. Rab1 Na4 20. Na5 b6 21. Nc4 Ke7 22. f3 Rc5 0-1

[Event "Dortmund Sparkassen op-B 47th"]
[Site "Dortmund"]
[Date "2019.07.20"]
[Round "8"]
[White "Schmidt, Sebastian"]
[Black "Koch, Arno"]
[Result "0-1"]
[WhiteElo "1769"]
[BlackElo "1675"]
[PlyCount "68"]
[EventDate "2019.07.13"]
[EventType "swiss"]
[EventRounds "9"]
[EventCountry "GER"]
[SourceTitle "CBM 192 Extra"]
[Source "Chessbase"]
[SourceDate "2019.11.06"]
[SourceVersion "1"]
[SourceVersionDate "2019.11.06"]
[SourceQuality "1"]

1. e4 b6 2. d4 Bb7 3. Bd3 e6 4. Nf3 Ne7 5. 0-0 d6 6. c3 Nd7 7. Re1 g6 8. Bf4 Bg7 9. Qd2 h6 10. Be3 a6 11. Na3 Nf6 12. e5 Nd7 13. exd6 cxd6 14. Nc4 Nc8 15. Bf4 Nf8 16. Qc1 b5 17. Ne3 Bxf3 18. gxf3 Nb6 19. Bg3 Rc8 20. Qd2 h5 21. h3 Nh7 22. f4 0-0 23. Bf1 Nf6 24. Bg2 d5 25. Bh4 Qc7 26. Bg3 Nc4 27. Nxc4 Qxc4 28. Qe2 Ne8 29. Qxc4 Rxc4 30. Bf1 Rc6 31. f3 Nd6 32. Red1 Nf5 33. Bh2 Rfc8 34. Kf2 b4 0-1

[Event "Dortmund Sparkassen op-B 47th"]
[Site "Dortmund"]
[Date "2019.07.15"]
[Round "3"]
[White "Vortmeier, Jan"]
[Black "Schmidt, Sebastian"]
[Result "1/2-1/2"]
[WhiteElo "1441"]
[BlackElo "1769"]
[PlyCount "51"]
[EventDate "2019.07.13"]
[EventType "swiss"]
[EventRounds "9"]
[EventCountry "GER"]
[SourceTitle "CBM 192 Extra"]
[Source "Chessbase"]
[SourceDate "2019.11.06"]
[SourceVersion "1"]
[SourceVersionDate "2019.11.06"]
[SourceQuality "1"]

1. Nf3 d5 2. g3 Nf6 3. Bg2 e6 4. 0-0 Be7 5. c4 0-0 6. d4 dxc4 7. Nc3 c5 8. dxc5 Bxc5 9. Qxd8 Rxd8 10. Bg5 Nc6 11. Rac1 Be7 12. Nb5 Bd7 13. Nbd4 Rac8 14. Nxc6 Bxc6 15. Rxc4 Bd5 16. Rxc8 Rxc8 17. Ne5 Bxg2 18. Kxg2 h6 19. Be3 Nd5 20. Bxa7 Ra8 21. Bd4 Rxa2 22. e4 Nf6 23. f3 Ne8 24. Bc3 Bb4 25. Rf2 Bxc3 26. bxc3 1/2-1/2

[Event "Ruhrgebiet Verbandsklasse Gruppe 3 1819"]
[Site "Nordrheinwestfalen"]
[Date "2019.05.05"]
[Round "9.8"]
[White "Schmidt, Sebastian"]
[Black "Wuebbeke, Christoph"]
[Result "1/2-1/2"]
[WhiteElo "1814"]
[BlackElo "1868"]
[PlyCount "69"]
[EventDate "2018.09.23"]
[EventType "team-tourn"]
[EventRounds "9"]
[EventCountry "GER"]
[SourceTitle "EXT 2022"]
[Source "ChessBase"]
[SourceDate "2021.10.06"]
[SourceVersion "1"]
[SourceVersionDate "2021.10.06"]
[SourceQuality "1"]
[WhiteTeam "Waltrop SV"]
[BlackTeam "Brackel SF IV"]
[WhiteTeamCountry "GER"]
[BlackTeamCountry "GER"]

1. e4 d6 2. d4 Nf6 3. Nc3 g6 4. f3 c6 5. Be3 Qc7 6. Qd2 Nbd7 7. g4 Nb6 8. 0-0-0 e5 9. h4 Be6 10. Bg5 Ng8 11. Kb1 f6 12. Be3 Nc4 13. Bxc4 Bxc4 14. Nge2 0-0-0 15. h5 gxh5 16. Rxh5 b5 17. Ng3 Ne7 18. Qf2 Rd7 19. Nce2 Bf7 20. Rh2 Qa5 21. a3 Qa4 22. Nc3 Qa5 23. Bd2 Qb6 24. dxe5 Qxf2 25. Rxf2 fxe5 26. Bg5 Rg8 27. Bxe7 Bxe7 28. Nf5 Bf8 29. Rfd2 Kc7 30. Rh2 Bg6 31. Rdh1 a5 32. b4 axb4 33. axb4 d5 34. exd5 cxd5 35. Rd1 1/2-1/2

[Event "Ruhrgebiet Verbandsklasse Gruppe 3 1819"]
[Site "Nordrheinwestfalen"]
[Date "2019.03.24"]
[Round "8.8"]
[White "Vonrueden, Regina"]
[Black "Schmidt, Sebastian"]
[Result "0-1"]
[WhiteElo "1464"]
[BlackElo "1798"]
[PlyCount "66"]
[EventDate "2018.09.23"]
[EventType "team-tourn"]
[EventRounds "9"]
[EventCountry "GER"]
[SourceTitle "EXT 2022"]
[Source "ChessBase"]
[SourceDate "2021.10.06"]
[SourceVersion "1"]
[SourceVersionDate "2021.10.06"]
[SourceQuality "1"]
[WhiteTeam "Witten"]
[BlackTeam "Waltrop SV"]
[WhiteTeamCountry "GER"]
[BlackTeamCountry "GER"]

1. e4 c5 2. Nf3 a6 3. d3 Nc6 4. Be2 g6 5. 0-0 Bg7 6. c3 d5 7. exd5 Qxd5 8. Nbd2 Nf6 9. a4 b6 10. Qb3 Qd8 11. Nc4 Nd5 12. Rd1 e5 13. Ne3 Nf4 14. Bf1 Be6 15. Qc2 Qe7 16. g3 Nd5 17. Bg2 Rd8 18. Nxd5 Bxd5 19. Bg5 f6 20. Be3 Na5 21. c4 Bb7 22. Rab1 Nc6 23. Qb3 Nb4 24. d4 Be4 25. Rbc1 exd4 26. Bxd4 Qb7 27. Re1 0-0 28. Rxe4 Qxe4 29. Re1 Qc2 30. Qc3 cxd4 31. Qxb4 d3 32. Nd2 a5 33. Bd5+ Rxd5 0-1

[Event "Gelsenkirchen Silvester op 6th"]
[Site "Gelsenkirchen"]
[Date "2018.12.30"]
[Round "7"]
[White "Schmidt, Sebastian"]
[Black "Lazarev, Vadim"]
[Result "1-0"]
[WhiteElo "1816"]
[BlackElo "1755"]
[PlyCount "87"]
[EventDate "2018.12.27"]
[EventType "swiss"]
[EventRounds "7"]
[EventCountry "GER"]
[SourceTitle "CBM 188 Extra"]
[Source "ChessBase"]
[SourceDate "2019.02.28"]
[SourceVersion "1"]
[SourceVersionDate "2019.02.28"]
[SourceQuality "1"]

1. e4 e5 2. Nf3 Nc6 3. Bc4 Nf6 4. d3 d6 5. c3 Na5 6. Bd5 c6 7. Bxf7+ Kxf7 8. b4 Be7 9. bxa5 h6 10. 0-0 Bg4 11. h3 Bxf3 12. Qxf3 Qxa5 13. Bd2 Qc7 14. Na3 Qd7 15. Nc2 g6 16. Qe2 Kg7 17. Rad1 Qe6 18. Rb1 Rab8 19. Rfd1 Rhe8 20. Be3 c5 21. c4 a6 22. Qd2 h5 23. a4 h4 24. Ne1 Nh5 25. Rb2 Qd7 26. Rdb1 Rf8 27. Bh6+ Kh7 28. Bxf8 Bxf8 29. Rb6 Nf4 30. Qb2 Qxa4 31. Rxb7+ Rxb7 32. Qxb7+ Kh6 33. Qf7 Bg7 34. Qe7 g5 35. Nf3 Qc2 36. Qxg5+ Kh7 37. Qxh4+ Kg8 38. Rb8+ Kf7 39. Ng5+ Kg6 40. Qh7+ Kxg5 41. Qxg7+ Ng6 42. h4+ Kh5 43. Rh8+ Nxh8 44. Qg5# 1-0

[Event "Gelsenkirchen Silvester op 6th"]
[Site "Gelsenkirchen"]
[Date "2018.12.28"]
[Round "4"]
[White "Strohmann, Andreas"]
[Black "Schmidt, Sebastian"]
[Result "1/2-1/2"]
[WhiteElo "1865"]
[BlackElo "1816"]
[PlyCount "52"]
[EventDate "2018.12.27"]
[EventType "swiss"]
[EventRounds "7"]
[EventCountry "GER"]
[SourceTitle "CBM 188 Extra"]
[Source "ChessBase"]
[SourceDate "2019.02.28"]
[SourceVersion "1"]
[SourceVersionDate "2019.02.28"]
[SourceQuality "1"]

1. e4 e5 2. Nf3 Nf6 3. Nc3 Nc6 4. d4 exd4 5. Nxd4 Nxe4 6. Nxc6 Nxc3 7. Nxd8 Nxd1 8. Nxf7 Kxf7 9. Kxd1 Bc5 10. Bc4+ Kg6 11. h4 d5 12. Bd3+ Kf7 13. Bg5 h5 14. Kd2 Bd7 15. f3 Rhe8 16. Raf1 g6 17. g4 Kg7 18. gxh5 gxh5 19. c3 Rf8 20. b4 Bb6 21. Be3 Bxe3+ 22. Kxe3 Rae8+ 23. Kd2 Bf5 24. Rhg1+ Kh6 25. Rg5 Bxd3 26. Kxd3 c6 1/2-1/2

[Event "Gelsenkirchen Silvester op 5th"]
[Site "Gelsenkirchen"]
[Date "2017.12.29"]
[Round "5"]
[White "Rohfleisch, Daniel"]
[Black "Schmidt, Sebastian"]
[Result "1/2-1/2"]
[WhiteElo "1749"]
[BlackElo "1574"]
[PlyCount "23"]
[EventDate "2017.12.27"]
[EventType "swiss"]
[EventRounds "5"]
[EventCountry "GER"]
[SourceTitle "CBM 182 Extra"]
[Source "ChessBase"]
[SourceDate "2018.02.23"]
[SourceVersion "1"]
[SourceVersionDate "2018.02.23"]
[SourceQuality "1"]

1. e4 Nf6 2. Nc3 e5 3. Nf3 Nc6 4. d4 exd4 5. Nxd4 Bb4 6. Nxc6 bxc6 7. Bd3 d5 8. exd5 cxd5 9. 0-0 0-0 10. Bg5 c6 11. Qf3 Be7 12. h3 1/2-1/2

[Event "Muenster Bezirksliga 0506"]
[Site "Muenster"]
[Date "2006.01.13"]
[Round "5.8"]
[White "Schmidt, Sebastian"]
[Black "Hunkemoeller, Jonas"]
[Result "0-1"]
[WhiteElo "1197"]
[BlackElo "1176"]
[PlyCount "28"]
[EventDate "2005.09.10"]
[EventType "team"]
[EventRounds "9"]
[EventCountry "GER"]
[SourceTitle "EXT 2007"]
[Source "ChessBase"]
[SourceDate "2006.11.23"]
[SourceVersion "1"]
[SourceVersionDate "2006.11.23"]
[SourceQuality "1"]
[WhiteTeam "Muenster"]
[BlackTeam "Sendenhorst II"]
[WhiteTeamCountry "GER"]
[BlackTeamCountry "GER"]

1. d4 d5 2. c4 e5 3. dxe5 d4 4. Nf3 Nc6 5. e3 Bb4+ 6. Bd2 dxe3 7. fxe3 Bf5 8. Nc3 Nge7 9. Be2 Qd7 10. a3 Bxc3 11. Bxc3 0-0-0 12. Bd4 Ng6 13. Qa4 Nxd4 14. exd4 Qxa4 0-1

[Event "GER-chT U12"]
[Site "Verden"]
[Date "2005.12.30"]
[Round "7.3"]
[White "Schmidt, Sebastian"]
[Black "Lebek, Ricarda"]
[Result "1-0"]
[WhiteElo "1171"]
[BlackElo "1395"]
[PlyCount "97"]
[EventDate "2005.12.27"]
[EventType "team-swiss"]
[EventRounds "7"]
[EventCountry "GER"]
[SourceTitle "CBM 110 Extra"]
[Source "ChessBase"]
[SourceDate "2006.03.10"]
[SourceVersion "2"]
[SourceVersionDate "2006.03.10"]
[SourceQuality "1"]

1. e4 c5 2. Nf3 d6 3. Nc3 Nf6 4. Bb5+ Bd7 5. Bxd7+ Nbxd7 6. d3 a6 7. Bg5 e6 8. 0-0 Be7 9. d4 cxd4 10. Qxd4 Qc7 11. Rfe1 0-0 12. Rad1 Rfd8 13. Qb4 Re8 14. Bxf6 Nxf6 15. Qd4 Rad8 16. Re2 b5 17. a3 Rd7 18. h3 h6 19. Qe3 Red8 20. Red2 Ne8 21. Rd3 Qb7 22. b4 Nc7 23. Qd2 Na8 24. e5 d5 25. Qf4 Nb6 26. Nd4 Bf8 27. Rg3 Kh8 28. Qg4 Nc4 29. f4 Qc7 30. Nde2 a5 31. Nxb5 Qb6+ 32. Ned4 axb4 33. axb4 Nb2 34. Rf1 Rc8 35. Kh2 Rc4 36. f5 Rxb4 37. fxe6 Re7 38. Rxf7 Qd8 39. Qf5 Rxf7 40. exf7 Rc4 41. Ne6 Qe7 42. Nxf8 Qxf8 43. e6 Re4 44. Rc3 Qb8+ 45. Rc7 Qf8 46. Rc8 Qxc8 47. f8Q+ Qxf8 48. Qxf8+ Kh7 49. e7 1-0